Urquiza ; última etapa /

Guardado en:
Autor Principal: Macchi, Manuel E.
Formato: Libro
Publicado: Buenos Aires : Castellv¡, 1955
Edición:2a. ed.
Materias:
Etiquetas: Agregar Etiqueta
Sin Etiquetas, Sea el primero en etiquetar este registro!
LEADER 00485nam a22001815a 4500
001 CEM.cems004048
005 20060216000000.0
008 130507s1955##################000#0#####d
003 CEMS
082 0 4 |a 982.05 
100 1 |a Macchi, Manuel E. 
245 1 0 |a Urquiza ; última etapa / 
250 |a 2a. ed. 
260 |a Buenos Aires :  |b Castellv¡,  |c 1955 
300 |a 197 p. 
653 |a Historia 
653 |a Historia argentina 
859 |a CEMS  |b BIB. CEMS - 11 de abril  |h 982.05  |i M119a2  |p 8083.80  |t Ej.1